1387 1231 1122 1140 1635 1324 1698 1398 1319 1642 1900 1598 1273 1748 1423 1361 1097 1864 1726 1192 1462 1033 1964 1259 1371 1566 1923 1020 1038 1739 1916 1272 1691 1233 1140 1777 1942 1762 1241 1187 1922 1883 1917 1038 1671 1417 1878 1599 1825 1986 1259 1566 1572 1105 1348 1425 1046 1112 1210 1919 1930 1466 1024 1375 1899 1814 1122 1358 1708 1507 1757 1325 1239 1767 1590 1330 1020 1325 1863 1893 1061 1919 1085 1878 1740 1849 1316 1299 1612 1005 1751 1721 1132 1815 1747 1757 1414 1992 1952 BCNSPRNW ULIB Ver.6.0+V

เปลี่ยนเป็นภาษาไทย

Change to English
 แสดงรายละเอียดบรรณานุกรม
  กลับหน้าหลัก

Brief Record : Get Marc (ISO 2709) : E-mail record : QR code < ปิดหน้าต่าง
LEADER : 00000nam 2200000uu 4500
001    13399108836
003     ULIB
008    110315s2546||||th 000 0 tha d
020    9749626982
060 04 W84^bส223บ 2546
245 00 บริการสาธารณสุขกับการแสวงหากำไรเชิงธุรกิจ /^cสำนักงานปฎิรูประบบสุขภาพแห่งชาติ ; บรรณาธิการ, ปิติพร จันทรทัต ณ อยุธยา, วณี ปิ่นประทีป
250    พิมพ์ครั้งที่ 1
260    นนทบุรี :^bสำนักงาน,^c2546
300    [6], 128 หน้า ;^c21 ซม.
650  7 บริการทางการแพทย์
650  7 พระราชบัญญัติสุขภาพแห่งชาติ
700 0  ปิติพร จันทรทัต ณ อยุธยา,^eบรรณาธิการ
700 0  วณี ปิ่นประทีป,^eบรรณาธิการ
710 2  สำนักงานปฏิรูประบบสุขภาพแห่งชาติ
945    ^p0^l0^i015729
945    ^p0^l0^i015728
995    ทศพร
999 ^a ใช้งานได้ทุกระบบ
รายการนี้ยังไม่มีแท็ก
คุณยังไม่ได้ล็อกอิน คุณสามารถมีกิจกรรมร่วมกับเว็บไซต์ได้ แต่ต้องล็อกอินก่อน ::
  ล็อกอิน

รายการสื่อสารสนเทศ

ลำดับที่ ประเภท เลขเรียก/บาร์โค้ด สถานที่ สถานะ
- ไม่พบข้อมูล -

รายการใกล้เคียง
    หัวเรื่อง [บริการทางการแพทย์]
    หัวเรื่อง [พระราชบัญญัติสุขภาพแห่งชาติ]

BibComment


ยังไม่เคยถูกคอมเมนท์

คอมเมนท์ทรัพยากรรายการนี้
  คอมเมนท์: บริการสาธารณสุขกั..


 Copyright 2026. Bcnsprnw @Library